• 首页
  • 本馆介绍
  • 公告通知
  • 最新文献
  • 馆藏检索
  • 电子资源
  • 读者导购
  • 参考咨询
  • 我的图书馆
  • 登录
  • 详细信息显示
  • 放入我的书架
  • 预约/预借图书
  • 作者相关作品
  • 分类相关作品
  • 丛书相关作品
  • 出版社相关作品

书目信息

  • 表格格式
  • 工作单格式
  • 卡片格式
题名:
人工智能大冒险
    
 
作者: ;智AI兄弟 著
分册:  
出版信息: 北京   人民邮电出版社  2018
页数: 162页
开本: 23cm
丛书名: 智元微库
单 册:
中图分类: TP18-49 , TP18
科图分类:
主题词: 人工智能--ren gong zhi neng--通俗读物
电子资源:
ISBN: 978-7-115-49638-6
000 00991nam 2200277 450
001 1956799148
005 20190527092625.9
010    @a978-7-115-49638-6@dCNY 69.00
099    @aCAL 012019068262
100    @a20190527d2018 ekmy0chiy50 ea
101 0  @achi
102    @aCN@b110000
105    @aa z 000yy
200 1  @a人工智能大冒险@Aren gong zhi neng da mao xian@e青少年的AI启蒙书@f智AI兄弟著
210    @a北京@c人民邮电出版社@d2018
215    @a162页@c图@d23cm
225 2  @a智元微库@Azhi yuan wei ku
330    @a本书讲述了:2022年,智博士的好朋友AI侠突然毫无预兆地失踪了,尝试了各种方式都联系不上,直到有一天,他收到一个快递,里面是一封信和一个按钮,好奇的智博士按下按钮,一阵茉莉花的香味袭来,他晕了过去……。
410  0 @12001 @a智元微库
517 1  @a青少年的AI启蒙书
606 0  @a人工智能@Aren gong zhi neng@j通俗读物
690    @aTP18-49@v5
690    @aTP18@v4
711 02 @a智AI兄弟@Azhi AI xiong di@4著
801  0 @aCN@bHNUL@c20190527
905    @aBZT@dTP18@e58
    
    人工智能大冒险:青少年的AI启蒙书/智AI兄弟著.-北京:人民邮电出版社,2018
    162页:图;23cm.-(智元微库)
    
    
    ISBN 978-7-115-49638-6:CNY 69.00
    本书讲述了:2022年,智博士的好朋友AI侠突然毫无预兆地失踪了,尝试了各种方式都联系不上,直到有一天,他收到一个快递,里面是一封信和一个按钮,好奇的智博士按下按钮,一阵茉莉花的香味袭来,他晕了过去……。
●
相关链接 在五车中查询图书 在当当中查询图书 在豆瓣中查询图书


正题名:人工智能大冒险     索取号:TP18/58         预约/预借

序号 登录号 条形码 馆藏地/架位号 状态 备注
1 865039   2000865039   第二书库/ [索取号:TP18/58] 在馆    
2 865040   2000865040   第二书库/ [索取号:TP18/58] 在馆    
3 865041   2000865041   第二书库/ [索取号:TP18/58] 在馆    
山东省滨州职业学院图书馆 欢迎您!
大连网信软件有限公司© 版权所有